000 00326nam a22001337a 4500
008 180316b xxu||||| |||| 00| 0 eng d
020 _a9780321108876
041 _aeng
080 _a37
100 _a25
101 _aedu
245 _agood reason designing and writing effective arguments
_cselzer.j
942 _2udc
_cBK
999 _c45228
_d45228